| 000 | 00747nam a22002057a 4500 | ||
|---|---|---|---|
| 005 | 20230703111528.0 | ||
| 008 | 230703b ||||| |||| 00| 0 eng d | ||
| 020 | _a8187474122 | ||
| 040 | _cAL | ||
| 041 | _amal | ||
| 082 |
_223 _a894.8127 _bMUNT |
||
| 100 |
_aM K Muneer: എം കെ മുനീർ _9125273 |
||
| 245 |
_aThunchan Parambile Bleech: Humourous Essays Malayalam _b തുഞ്ചൻ പറമ്പിലെ ബ്ലീച് |
||
| 260 |
_aKottayam _bCurrent Books _c2001 |
||
| 300 |
_a82p. _bPB _c21x14cm. |
||
| 365 |
_2Malayalam _b45.00 _c₹ _d45.00 |
||
| 650 |
_aMalayalam Humour: മലയാളം ഹ്യൂമൗർ _9125271 |
||
| 700 |
_aMUNEER (M K): മുനീർ (എം കെ) _9125272 |
||
| 942 |
_2ddc _cDB |
||
| 999 |
_c227730 _d227730 |
||